| 000 | 00509nam a2200145Ia 4500 | ||
|---|---|---|---|
| 008 | 231129s2002||||xx |||||||||||||| ||spa|| | ||
| 020 | _a958-11-0475-5 | ||
| 040 | _bspa | ||
| 082 | _a378.9861 M385i | ||
| 100 | _aMartínez de Dueri | ||
| 245 | 0 | _aLa investigación sobre la educación superior en Colombia. Un estado del arte | |
| 260 | _c2002 | ||
| 264 | _aBogotá Colombia: Instituto Colombiano para el Fomento de la Educación Superior - ICFES | ||
| 942 |
_2ddc _cBKS |
||
| 999 |
_c17430 _d17430 |
||